Quiz o Belgii - Statystyki

Ogólne statystyki
  • Ten quiz został rozwiązany 28 razy
  • Średni wynik to 10 z 24
Statystyki odpowiedzi
Wskazówka Odpowiedź % Poprawnych
Stolica Bruksela
100%
Waluta Euro
100%
Liczba ludności w milionach (ok.) 11 mln
86%
Język urzędowy Francuski | Niderlandzki | Niemiecki
86%
Miasto będące siedzibą zarządu Unii Europejskiej Bruksela
62%
Morze, do którego ma dostęp Morze Północne
62%
Beldzy słyną z najlepszej _________ i pralin na świecie Czekolady
57%
Największe współczesne państwo będące kiedyś jej kolonią Demokratyczna Republika Konga
48%
Kraj próbuje wpisać tę ziemniaczaną potrawę jako swoje narodowe danie na listę światowego dziedzictwa UNESCO Frytki
48%
Największy partner handlowy Niemcy
48%
Belgijska odmiana klasycznego języka niderlandzkiego Język flamandzki
43%
W Belgii znajduje się najdłuższa trasa (od granicy holenderskiej do francuskiej), po której jeździ pewien pojazd szynowy. Co to za pojazd? Tramwaj
43%
Taniec, którego nazwa wskazywałaby na to, że pochodzi właśnie z Belgii, jednak pozory mogą mylić - taniec wziął się w Francji Belgijka
38%
Amerykańskie danie przerobione w Holandii, jednak od XV w. popularne w Belgii i będące jednym z jej narodowych potraw. Tworzone jest w urządzeniu, które kształtuje ciasto w kratkę Gofry
38%
Miejsce klęski Napoleona Waterloo
38%
Rok dołączenia do NATO 1949 r.
29%
Król Filip I Koburg
29%
Np. James Ensor, Léon Fréderic, Constantin Meunier czy Henri Evenepoel Malarze
14%
Nizina rozciągająca się na północy Nizina Środkowoeuropejska
14%
Instrument dęty drewniany wynaleziony w Belgii Saksofon
14%
Nizina rozciągająca się na południowym zachodzie Nizina Francuska
10%
Najdłuższa rzeka Moza
5%
Rok dołączenia do Unii Europejskiej 1958 r.
0%
Najwyższy szczyt Signal de Botrange
0%
Nie znaleziono quizów pasujących do podanych kryteriów
Rozkład punktacji
Procent ludzi z każdym wynikiem
Percentyl według liczby udzielonych odpowiedzi
Twoja historia wyników
Nie rozwiązałeś tego quizu